| 000 | 00512 a2200169 4500 | ||
|---|---|---|---|
| 003 | Nust | ||
| 005 | 20230201135843.0 | ||
| 040 | _cNust | ||
| 082 | _a930,WOR | ||
| 100 |
_aF. R. Worts. MA _9108412 |
||
| 245 |
_aEmpires of long ago / _cF. R. Worts, MA |
||
| 260 |
_aLondon _bEdward Arnold and company _c1930 |
||
| 300 | _a176 | ||
| 505 | _aThe Beginnings (Page-9),The Ancient Peoples (Page-22), The Greeks(Page-85), The Romans (Page-140). | ||
| 650 |
_aEmpires of long ago _9108413 |
||
| 942 |
_2ddc _cBK _k930,WOR |
||
| 999 |
_c186954 _d186954 |
||